000 00591nam a2200229Ia 4500
005 20250508164108.0
008 008 250505s9999 xx 000 0 eng d
020 _a0-415-24120-0
037 _aTextBook
040 _aFEDL
_beng
_cFEDL
041 _aeng
_2eng
084 _a160, THO
_qFEDL
100 _aThomson Anne
_9140902
245 0 _aCritical reasoning : A practical intorduction
250 _a2
260 _aLondon, UK
_bRouledge
_c2002
300 _aix, 209p
365 _aGBP
_b12.99
650 _aLogic
942 _cTB
_h160, THO
999 _c1387029
_d1387029